000 00602nam a2200229Ia 4500
003 OSt
005 20220928101546.0
006 a|||||r|||| 00| 0
007 ta
008 220927b |||||||| |||| 00| 0 eng d
024 _a113398
037 _cTextual
040 _aSDCL
_cSDCL
_beng
041 _2eng
_aeng
082 _aO152,1N11:g, P2
100 _aChaturvedi Ramswaroop
245 0 _aPrasad-Nirala-Agayeya.
260 _aAllahabad
_bLokbharti
_c2002
300 _a98
_ccm.
942 _hO152,1N11:g, P2
_cTEXL
_2CC
999 _c707456
_d707456